One Piece toutes les Primes - Statistiques

Statistiques générales
  • Ce quiz a été pris 1 101 fois
    175 depuis la dernière actualisation
  • Le résultat moyen est 83 sur 255
Statistiques - réponses
Prime Personnages % Correct
5.564.800.000Inactive Gol D. Roger
99%
3.189.000.000 Baggy
98%
5.046.000.000Inactive Edward Newgate (Barbe Blanche)
98%
3.000.000.000 Monkey D. Luffy
98%
4.388.000.000 Charlotte Linlin (Big Mom)
95%
4.048.900.000 Shanks
95%
3.000.000.000 Trafalgar D. Water Law
95%
1.965.000.000 Crocodile
94%
4.611.100.000 Kaidou / Kaidô
94%
3.996.000.000 Marshall D. Teach (Barbe Noire)
94%
1.111.000.000 Roronoa Zoro
94%
3.590.000.000 Dracule Mihawk
93%
3.000.000.000 Eustass Kid
92%
1.032.000.000 Vinsmoke Sanji
92%
930.000.000 Nico Robin
87%
1.100.000.000 Jinbe
85%
1.057.000.000 Charlotte Katakuri
83%
366.000.000 Nami
83%
1.390.000.000 Arber (King)
81%
602.000.000 Sabo
81%
1.000 Tony Tony Chopper
80%
1.659.000.000 Boa Hancock
79%
550.000.000Inactive Portgas D. Ace
79%
1.320.000.000 Scien (Queen)
79%
394.000.000 Franky
76%
3.000.000.000Cross Guild Monkey D. Garp
76%
5.000.000.000Cross Guild Sakazuki (Akainu)
76%
383.000.000 Brook
75%
1.000.000.000 Jack
75%
3.000.000.000Cross Guild Borsalino (Kizaru)
73%
340.000.000Inactive Donquixote Doflamingo
73%
500.000.000 God Usopp / Sogeking
73%
1.374.000.000 Marco
73%
3.000.000.000Cross Guild Issho (Fujitora)
70%
Prime Inconnu Kuzan (Aokiji)
68%
320.000.000 Gecko Moria
66%
932.000.000 Charlotte Smoothie
64%
500.000.000Cross Guild Koby
64%
296.000.000 Bartholomew Kuma
63%
860.000.000 Charlotte Cracker
63%
Prime Inconnu Monkey D. Dragon
63%
1.800.000.000 Brogy
61%
1.800.000.000 Dorry
61%
140.000.000 Jewelry Bonney
61%
20.000.000Inactive Arlong
60%
200.000.000 Killer
60%
108.000.000 Urouge
60%
Prime Inconnu A.O
59%
3.000.000.000Cross Guild Aramaki (Ryokugyu)
58%
320.000.000 Basil Hawkins
58%
700.000.000 Charlotte Perospero
58%
222.000.000 X Drake
58%
24.000.000 Galdino (Mr 3)
56%
Prime Inconnu Silvers Rayleigh
56%
500 Bepo
55%
Prime Inconnu Rocks D. Xebec
55%
32.000.000Inactive Bentham (Mr 2)
53%
75.000.000 Daz Bonez (Mr 1)
53%
3.200.000 Babe (Mr 4)
52%
10.000.000 Gem (Mr 5)
52%
2.600.000.000 Loki
52%
350.000.000 Scratchmen Apoo
52%
350.000.000 Capone Bege
51%
5.000.000 Alvida
48%
17.000.000 Krieg
48%
99.000.000Inactive Diamante
47%
546.000.000 Who's Who
47%
Prime Inconnu Jozu / Joz
45%
20.000.000 Jesus Burgess
44%
16.000.000 Kuro
44%
99.000.000Inactive Pica
44%
480.000.000 Black Maria
43%
480.000.000Inactive Edward Weevil / Weeble
43%
Prime Inconnu Gab
43%
290.000.000 Page One
43%
472.000.000 Sasaki
43%
400.000.000 Ulti
43%
Prime Inconnu Emporio Ivankov
42%
200.000.000 Bartolomeo
41%
300.000.000 Caesar Clown / César
41%
Prime Inconnu Catarina Devon
41%
Prime Inconnu Kozuki Oden
41%
Prime Inconnu Shiliew
41%
99.000.000Inactive Trebol
41%
Prime Inconnu Vista
41%
330.000.000 Cavendish
40%
300.000.000 Charlotte Oven
40%
542.000.000 Chinjao
40%
100.000.000Cross Guild Helmeppo / Hermep
40%
195.000.000 Bellamy
39%
Prime Inconnu Benn Beckman / Ben Beckmann
39%
Prime Inconnu Lucky Roux / Roo
39%
Prime Inconnu Scopper Gaban
39%
8.000.000 Hatchan / Octy
38%
42.200.000 Laffitte
38%
Prime Inconnu Yasopp
38%
72.000.000 Doc Q
37%
510.000.000Inactive Izou / Izô
37%
457.000.000 Belo Betty
36%
Prime Inconnu Koala
36%
293.000.000 Morley
36%
Prime Inconnu Shiki
36%
600.000.000 Charlotte Snack
35%
64.000.000 Van Augur
35%
300.000.000 Charlotte Daifuku
34%
400.000.000 Karasu
34%
382.000.000Inactive Pedro
34%
210.000.000 Caribou
33%
24.000.000 Foxy
33%
12.000.000 Gin
33%
330.000.000 Pekoms
33%
20.000.000 Rock
33%
Prime Inconnu Avalo Pizarro
32%
230.000.000Inactive Fisher Tiger
32%
Prime Inconnu John
32%
316.000.000 Lindbergh
32%
210.000.000 Sai
31%
35.000.000 Zala (Miss Doublefinger)
31%
40.000.000 Boa Marigold
29%
120.000.000 Charlotte Mont d'Or
29%
190.000.000 Coribou
29%
40.000.000 Boa Sandersonia
28%
5.500.000Inactive Chew / Smack
28%
Prime Inconnu Crocus
28%
14.000.000 Drophy (Miss Merry Christmas)
28%
31.000.000Inactive Gladius
28%
61.000.000Inactive Lao G
28%
Prime Inconnu Sanjuan Wolf
28%
58.000.000Inactive Senor Pink
28%
429.000.000 Tamago
28%
Prime Inconnu Inazuma
27%
29.000.000 Marianne (Miss Goldenweek)
27%
Prime Inconnu Hack
26%
Prime Inconnu Hajrudin
26%
7.500.000 Mikita (Miss Valentine)
26%
Prime Inconnu Vasco Shot
26%
Prime Inconnu Wapol
26%
9.000.000Inactive Jango
25%
94.000.000 Rockstar
25%
15.000.000Inactive Dellinger
24%
Prime Inconnu Zeff
24%
8.000.000Inactive Higuma
23%
550.000.000 Little Oars Jr. / Little Oz Jr.
22%
Prime Inconnu Penguin
22%
9.000.000Inactive Kuroobi
21%
Prime Inconnu Thatch
21%
80.060.000Inactive Chadros Higelyges (Barbe Brune)
20%
210.000.000 Squard / Squardo
20%
95.000.000 Vito
20%
24.000.000 Charlotte Lola / Laura
18%
Prime Inconnu Gloriosa
18%
Prime Inconnu Jean Bart
18%
25.000.000 Montblanc Cricket
18%
500.000.000Cross Guild Prince Grus / Gles
18%
38.000.000 Sarquiss
18%
7.000.000 Sham
18%
7.800.000 Curly Dadan
17%
26.000.000Inactive Demalo Black
17%
11.000.000Inactive Machvise
17%
52.000.000Inactive Barbe Rose
16%
Prime Inconnu Kyo "Hache d'Argent"
16%
500.000.000Cross Guild Sentomaru
16%
Prime Inconnu Shakuyaku
16%
Prime Inconnu Blamenco
15%
Prime Inconnu Charlotte Amande
15%
14.300.000 Bluejam
14%
105.500.000 Bobbin
14%
190.000.000Inactive Ginny
14%
Prime Inconnu Heat
14%
Prime Inconnu Namur
14%
7.000.000 Buchi
13%
200.000.000Cross Guild Hibari
13%
79.000.000Inactive Nico Olvia
13%
148.000.000 Orlumbus
13%
20.000.000 Scotch
13%
36.000.000 Shoujou / Shôjô
13%
Prime Inconnu Aladdin
12%
90.000.000 Gotti
12%
23.000.000 Masira
12%
Prime Inconnu Whitey Bay
12%
500.000.000Cross Guild Kujaku
11%
Prime Inconnu Shachi
11%
Prime Inconnu Building Snake
10%
3.333.333 Pandaman
10%
3.400.000Inactive Porchemy
10%
Prime Inconnu Streusen
10%
67.000.000 Suleiman
10%
36.000.000 Bobby Funk
9%
57.000.000 Kelly Funk
9%
Prime Inconnu Limejuice
9%
Prime Inconnu Wire
9%
Prime Inconnu Buckingham Stussy
8%
Prime Inconnu Curiel
8%
Prime Inconnu Epoida
8%
67.000.000 Gambia
8%
Prime Inconnu Hanafuda
8%
Prime Inconnu Kingdew
8%
Prime Inconnu Monster
8%
Prime Inconnu Ochoku
8%
42.000.000 Roshio
8%
92.000.000Inactive Albion
7%
Prime Inconnu Atmos
7%
Prime Inconnu Fossa
7%
Prime Inconnu Haruta
7%
Prime Inconnu Blenheim
6%
Prime Inconnu Bonk Punch
6%
Prime Inconnu Frères Decalvan
6%
Prime Inconnu Ganzui
6%
73.000.000 Gyro
6%
Prime Inconnu Hongo
6%
88.000.000Inactive Lip Doughty
6%
Prime Inconnu Rakuyo
6%
Prime Inconnu Barbel
5%
60.000.000Inactive Devil Dias
5%
Prime Inconnu Marlon
5%
1.000.000.000Cross Guild Sspaden
5%
Prime Inconnu Yorki
5%
Prime Inconnu Andre
4%
Prime Inconnu Karma
4%
17.000.000 Lacuba
4%
Prime Inconnu Mc Guy
4%
36.000.000 Mikazuki
4%
75.000.000 Raccoon
4%
Prime Inconnu Speed Jiru / Speed Jill
4%
300.000.000Cross Guild Aksatanain
3%
Prime Inconnu Doma
3%
Prime Inconnu Gill Bastar
3%
Prime Inconnu Islewan
3%
Prime Inconnu Masked Deuce
3%
200.000.000Cross Guild Najime Sound
3%
Prime Inconnu Tritoma
3%
Prime Inconnu Vander Decken IX
3%
10.000.000 Wellington
3%
Prime Inconnu Amadob
2%
Prime Inconnu Bizarre
2%
Prime Inconnu Blondie
2%
Prime Inconnu Delacuaji
2%
Prime Inconnu Elmy
2%
Prime Inconnu An Zengaiina
1%
Prime Inconnu Bellett
1%
3.000.000 Billy
1%
Prime Inconnu Dobby Ibadonbo
1%
Prime Inconnu Doha Ittanka II
1%
Prime Inconnu François
1%
3.450.000 Gally
1%
Prime Inconnu George Black
1%
Prime Inconnu Jean Goen
1%
Prime Inconnu Kairo Kureyo
1%
Prime Inconnu Kinoko
1%
Prime Inconnu Palms
1%
Prime Inconnu Ramba
1%
Prime Inconnu Pankuta Dakeyan
0%
Prime Inconnu Roche Tomson
0%
Prime Inconnu Tsunokov
0%
Prime Inconnu Usakov
0%
Aucun quiz correspondant
Distribution des résultats
% des personnes avec chaque résultat
Percentile par nombre de réponses
Votre historique - résultats
Vous n’avez pas pris ce quiz depuis la dernière actualisation